00465nam a2200145Ia 4500003000400000008004100004040001600045082001800061245003100079260007800110300001100188490000500199999001700204952009800221GCL140319s9999 xx 000 0 ara d aGCL / cGCL04a953.31bج ع10aعدن فرضة اليمن a[S.N] : bمركز الدراسات والبحوث اليمنى ، c1990 a253 ص a c35535d35535 00104070aCAIbCAId2014-03-26l0o953.31\ج عp86610r2014-03-26 00:00:00w2014-03-26yBK